000 00882cam a22002531 4500
001 gs 14000597
003 DLC
005 20260227111316.0
008 721207s1914 oncb b 000 0 eng
010 _ags 14000597
035 _a(OCoLC)509890
040 _aDLC
_cOAkU
_dOCoLC
_dNSbSU
_dDLC
042 _apremarc
050 0 0 _aQE185
_b.A2 no.43
100 1 _aO'Neill, John Johnston,
_d1886-
245 1 0 _aSt. Hilaire (Beloeil) and Rougement mountains,
_bQuebec,
_cby J. J. O'Neill.
260 _aOttawa,
_bGovernment Printing Bureau,
_c1914.
300 _avi, 108 p.
_bfold. map in pocket.
_c25 cm.
490 1 _aCanada. Geological Survey. Memoir 43, no. 36, Geological series
500 _aAt head of title: Canada. Department of mines.
504 _aBibliography: p. 93-95.
650 0 _aPetrology
_zQuébec (Province)
830 0 _aMemoir (Geological Survey of Canada) ;
_v43
999 _c25385
_d25385